000 00730nam a2200289Ia 4500
005 20260324111238.0
008 008 260324s9999 xx 000 0 eng d
020 _a9781003516675
037 _aEBOOK
040 _aCRL
040 _beng
040 _cCRL
041 _2eng
041 _aeng
084 _qCRL
100 _aTatsuto Asakawa; Kenji Hashimoto; Yuki Hirahara
_91137756
245 0 _aInequality and Urban Space
245 0 _bSocial Atlas of Tokyo Metropolitan Area 1990–2010
260 _bTaylor and Francis
260 _c2025
365 _a
365 _b230
856 _uhttp://www.taylorfrancis.com/books/9781003516675
942 _cEBOOK
999 _c1726515
_d1726515